Mixed Word: Knight & Dame of Entertainment Fame Quiz Stats

 Plays Quiz Updated Mar 23, 2012

Support Sporcle.
Go Orange.
Score 0/18 Timer 04:00
0 Plays Today
UNENTITLED NAMES ENTITLED NAMES % Correct
OMT SONJETOM JONES
98.3%
MIT ERICTIM RICE
94.1%
CKIM GAJREGMICK JAGGER
93.1%
DUIJ CHENDJUDI DENCH
90.3%
TENLO NJHOELTON JOHN
89.6%
INADA GIRGDIANA RIGG
85.3%
ULAP CREMNYTCAPAUL MCCARTNEY
74.6%
EBN SLENGIYKBEN KINGSLEY
74.5%
NESA NORYNECSEAN CONNERY
74.4%
UNENTITLED NAMES ENTITLED NAMES % Correct
LEHNE RIMNERHELEN MIRREN
74.1%
GAMIGE IMSHTMAGGIE SMITH
70.5%
THAAAG STIRICHEAGATHA CHRISTIE
67.8%
TRUHAR NONAC LEODYARTHUR CONAN DOYLE
66.3%
EJILU DERNSAWJULIE ANDREWS
57.8%
ANI CELNMELKIAN MCKELLEN
53.7%
CLEA NISGUSENALEC GUINNESS
49.8%
ZETILAHEB YARTOLELIZABETH TAYLOR
48.3%
RAULENEC VORIELILAURENCE OLIVIER
39.3%

From the Vault

Egyptian God or Pokémon?

by scole9179

Now the question is whether there are more Pokémon or Egyptian gods?
Remove Ads.
Support Sporcle.
Get the best of Sporcle when you Go Orange. This ad-free experience offers more features, more stats, and more fun while also helping to support Sporcle. Thank you for becoming a member.

Show Comments

Extras

Top Quizzes Today


Score Distribution

Your Account Isn't Verified!

In order to create a playlist on Sporcle, you need to verify the email address you used during registration. Go to your Sporcle Settings to finish the process.

Report this User

Report this user for behavior that violates our Community Guidelines.

Details: